Selected lectures on Parliamentary practice of procedure (Record no. 490915)

000 -LEADER
fixed length control field 00331cam a22001097a 4500
008 - FIXED-LENGTH DATA ELEMENTS--GENERAL INFORMATION
fixed length control field 180718b1969 xxu||||| |||| 00| 0 eng d
082 ## - DEWEY DECIMAL CLASSIFICATION NUMBER
Classification number G5 C737
100 ## - MAIN ENTRY--PERSONAL NAME
Personal name Belavadi, S.H.
245 ## - TITLE STATEMENT
Title Selected lectures on Parliamentary practice of procedure
Statement of responsibility, etc. by S.H. Belavadi
260 ## - PUBLICATION, DISTRIBUTION, ETC.
Place of publication, distribution, etc. Bombay
Name of publisher, distributor, etc. Government Central Press
Date of publication, distribution, etc. 1969
300 ## - PHYSICAL DESCRIPTION
Extent 48+p
Holdings
Withdrawn status Lost status Damaged status Not for loan Permanent Location Current Location Date acquired Full call number Barcode Date last seen Price effective from Koha item type
        Indian Institute of Public Administration Indian Institute of Public Administration 2018-08-04 G5 C737 GG10407 2018-08-04 2018-08-04 GG

Powered by Koha